000 00940nam a2200241 a 4500
001 46566
003 BD-RjUL
005 20211209054155.0
008 160808s1987 bg ||||| |||| 00| 0 eng d
020 _c: Tk.130.00
035 _a(BD-RjUL)46685
040 _aBD-RjUL
_bben
_cBD-RjUL
041 _aben
082 _223
_a351
_bRAA 1987
100 1 _aরহমান, মোহাম্মদ শামসুর.
_9142051
245 1 _aআধুনিক লোকপ্রশাসন (তাত্তিক ও ব্যবহারিক) /
_cমোহাম্মদ শামসুর রহমান.
260 _aঢাকা :
_bবাংলা একাডেমী,
_c১৯৮৭,
300 _a৬৪০ পৃ ;
_c২১ সেমি.
500 _a[তাত্তিক ও ব্যবহারিক]
650 _aলোক প্রশাসন
_9144090
650 _apublic administration
_9144091
942 _2ddc
_cBK
999 _c46566
_d46566